| 000 | 00528nam a2200205Ii 4500 | ||
|---|---|---|---|
| 999 |
_c5040 _d5040 |
||
| 001 | 2899442 | ||
| 003 | OCoLC | ||
| 005 | 20181219164908.0 | ||
| 008 | 770419s1958 miu 000 0 eng d | ||
| 010 | _a58010857 | ||
| 040 |
_aIDA _cIDA _dBSC |
||
| 082 |
_a253.2 _bB413P |
||
| 092 |
_a253.2 _bB413p |
||
| 100 | 1 | _aBedsole, Adolph. | |
| 245 | 1 | 4 |
_aThe pastor in profile / _cby Adolph Bedsole. |
| 260 |
_aGrand Rapids : _bBaker Book House, _c1958. |
||
| 300 |
_a163 p. : _c20 cm. |
||
| 650 | 0 | _aPastoral theology. | |
| 942 |
_2ddc _cBK |
||